00760nam a22001937a 4500999001900000005001700019010001500036020003000051035001400081037000900095082001300104100001900117245007200136260005700208270011900265300002000384942002800404952013400432 c183595d18359520211229124543.0 aENG-130746 a978-93-878-94-990c299.00 aEN-114278 bDBAD a355.0092 aArora, Bhaavna aUndaunted:cLt. Ummer Fayaz of Kashmir/bLt. Ummer Fayaz of Kashmir aChennaibWestland Publications Private Limitedc2003 a1st Floor, A Block, East Wing, Plot No. 40, SP Info City, Dr. MGR Salai, Perungudi, KandanchavadibChennaie600096 a232pc20cm(pbk) 2ddccENh355.00092mARO 001040708NFICaLbLd2021-12-29eDBAD/PUBg299.00l1o355.00092 AROpEN-114278r2024-03-28 00:00:00s2024-02-24t1v299.00yEN